=LDR 00000nam 2200000 4500 =001 INLIS000000000000722 =005 20130612085145 =008 ***********************************Ind** =035 ##$$0010-061300000000722 =041 ##$$a Ind =082 ##$$a 301 =090 ##$$a 301, Sup-s =100 ##$$a Suparto =245 ##$$a Sosiologi dan antropologi untuk SMA A3, Suparto =260 ##$$a [19-?] $b Bandung =300 ##$$a ...jil., ilus, 21 cm =650 ##$$a Sosiologi =850 ##$$a NBPNMAT